La crisis en las empresas de familia /

Guardado en:
Autor Principal: Irigoyen, Horacio A.
Formato: Libro
Idioma:Spanish
Publicado: Buenos Aires : Ediciones Macchi, c1999.
Materias:
Etiquetas: Agregar Etiqueta
Sin Etiquetas, Sea el primero en etiquetar este registro!
LEADER 00601nam a22001815 4500
001 EAD.ead003992
008 080718s1999####ag############000#0#spa#d
005 20160913161412.0
245 1 3 |a La crisis en las empresas de familia /  |c Horacio A. Irigoyen. 
260 |a Buenos Aires :  |b Ediciones Macchi,  |c c1999. 
300 |a 126 p. ;  |c 23 cm. 
020 |a 950537464X 
100 1 |a Irigoyen, Horacio A. 
082 0 4 |a 658.04  |2 21 
650 7 |a Empresas familiares.  |2 unbist 
650 7 |a Crisis financiera.  |2 unbist 
650 7 |a Pequeñas empresas.  |2 unbist 
859 |a AR-BaBDC  |b BIB. ADMINISTRACION - Libros  |h 658.04  |i Ir4  |p b04270